[Event "Fall Chess Classic-A 2019"]
[Site "Saint Louis"]
[Date "2019.09.11"]
[Round "2.4"]
[White "Melkumyan, Hrant"]
[Black "Lenderman, Aleksandr"]
[Result "1/2-1/2"]
[WhiteElo "2653"]
[BlackElo "2645"]
[Annotator "TA"]
[PlyCount "160"]
[EventDate "2019.09.10"]
[EventType "tourn"]
[EventCountry "USA"]
[SourceTitle "playchess.com"]
[Source "ChessBase"]
[SourceQuality "1"]

{[%evp 12,160,16,10,21,8,15,0,-3,-16,-18,-20,-14,-41,-10,-12,-15,-15,0,-22,-15,-12,0,0,0,-9,-6,-29,-25,-13,-13,-35,-39,-45,-51,-56,-58,-60,-58,-55,-17,-14,-5,-24,0,0,0,0,0,-23,-23,-181,0,-17,0,0,0,0,0,-89,0,0,0,0,0,0,0,0,0,0,17,12,8,0,0,0,0,0,0,0,0,0,0,0,0,0,0,0,0,0,0,-9,0,0,0,0,0,0,0,0,0,0,0,0,0,0,0,0,0,-79,-79,-79,-79,-79,-79,-79,-79,-79,-79,-79,-79,-79,-79,-79,-79,-79,-79,-79,-79,-79,-79,-79,-79,-79,-71,-81,-81,-81,-81,-81,-81,-81,-81,-81,-81,-81,-71,-81,-71,-81,-81]} 1. d4 Nf6 2. c4 e6 3. Nf3 d5 4. Nc3 Bb4 5. cxd5 exd5 6. Bg5 h6 7. Bh4 Bf5 {D38: Queen's Gambit Declined: Ragozin Defence (4 Nf3 Bb4)} (7... O-O 8. e3 Bf5 9. Be2 Nbd7 10. Qb3 Ba5 11. O-O c6 12. Ne5 Qb6 13. Nxd7 Nxd7 14. Rfc1 Qxb3 15. axb3 {½-½ (26) Giri,A (2797)-Navara,D (2739) Shamkir 2019}) 8. e3 Nbd7 9. Be2 c6 {The position is equal.} 10. Qb3 $146 ({Predecessor:} 10. O-O Bd6 11. Rc1 O-O 12. Na4 g5 13. Bg3 Bxg3 14. hxg3 Qe7 15. Nc5 Nxc5 16. dxc5 {½-½ (60) Rogozenco,D (2500)-Iljin,T (2330) Moscow 2016}) 10... Qb6 11. Nd2 O-O 12. Bg3 Rfe8 13. O-O Bf8 14. Rfc1 a5 15. a3 Qxb3 16. Nxb3 a4 17. Nd2 Re6 18. Bd1 b5 19. Bc2 (19. h3 {is more complex.} Nb6 20. Be5 Nfd7 21. Bh2 Ree8 22. Be2) 19... Bxc2 20. Rxc2 Nb6 21. Ne2 Nc4 22. Nf4 Ree8 23. Nd3 Ne4 24. Nxe4 dxe4 25. Nf4 Rad8 26. Ne2 Rd7 27. h3 f6 28. Nc3 Nb6 29. Rac1 Kf7 30. Nd1 Nc4 31. Nc3 $2 {[#]} (31. Bh2 $11 {and White is okay.}) 31... Nb6 $2 (31... Nxb2 $1 $19 {[%mdl 512]} 32. Rf1 (32. Rxb2 Bxa3) 32... Nc4 33. Nxa4 Nxa3) 32. Kf1 Re6 33. Ke2 f5 34. Nb1 Nc4 35. Nd2 {[#]} (35. Rd1 $11) 35... Nxd2 (35... Nxb2 $1 $17 {[%mdl 512] Strongly threatening ...Nd3.} 36. Rxb2 Bxa3) 36. Rxd2 Rd5 37. Bc7 Ke8 38. Bb6 Kd7 39. Rdc2 Be7 40. Bc5 {Hoping for Bxe7.} Bf6 41. Rb1 Re8 42. b3 axb3 43. Rxb3 Ra8 44. Ra2 Ke6 45. a4 bxa4 46. Rba3 Rd7 47. Rxa4 Rxa4 48. Rxa4 $11 {[%mdl 4096] Endgame KRB-KRB} Rb7 49. Bb4 Rb5 50. g3 h5 51. Bc3 c5 52. Kd2 cxd4 53. Bxd4 Bxd4 54. Rxd4 {KR-KR} Rb2+ 55. Ke1 Rb1+ 56. Ke2 {[#]} h4 $1 {[%mdl 512]} 57. gxh4 Rh1 58. Rd8 g6 59. Rh8 Kf7 60. Rh7+ {[#]} (60. h5 $1 $11) 60... Kg8 $1 $17 {[%cal Rg8h7] Black is better.} 61. Ra7 Rxh3 62. Kf1 Rxh4 63. Kg2 Rh7 64. Ra6 {[#]} Kg7 $1 65. Rb6 Rh8 66. Kg3 Rc8 67. Ra6 Kh6 68. Rb6 Kg5 69. Ra6 Rc3 70. Kg2 Kh5 71. Rf6 Rc1 72. Re6 g5 73. Re5 Kg4 74. Re8 Rc4 75. Re7 Rb4 76. Re5 Ra4 77. Re8 Ra5 78. Re7 Kh5 79. Re6 Ra4 80. Rf6 Kg4 {Accuracy: White = 52%, Black = 74%.} 1/2-1/2

[Event "Fall Chess Classic-A 2019"]
[Site "Saint Louis"]
[Date "2019.09.11"]
[Round "2.5"]
[White "Bortnyk, Olexandr"]
[Black "Ipatov, Alexander"]
[Result "1/2-1/2"]
[WhiteElo "2602"]
[BlackElo "2650"]
[Annotator "TA"]
[PlyCount "64"]
[EventDate "2019.09.10"]
[EventType "tourn"]
[EventCountry "USA"]
[SourceTitle "playchess.com"]
[Source "ChessBase"]
[SourceQuality "1"]

{[%evp 14,64,13,11,18,19,25,0,22,19,40,34,35,17,35,25,35,35,39,33,32,41,45,37,47,43,48,35,41,22,22,22,28,11,11,11,12,16,19,0,21,0,0,0,23,11,32,0,0,0,20,0,0]} 1. e4 e5 2. Nf3 Nf6 3. Nxe5 d6 4. Nf3 Nxe4 5. Qe2 Qe7 6. d3 Nf6 7. Nc3 Qxe2+ 8. Bxe2 Be7 {C42: Petroff Defence: 3 Nxe5 and unusual White 3rd moves} 9. h3 (9. O-O O-O 10. Re1 a6 11. Bf1 Nc6 12. h3 Re8 13. Bd2 {½-½ (13) Ni,H (2683)-Wei,Y (2728) Makati 2018}) 9... O-O 10. Bf4 $146 ({Predecessor:} 10. O-O c6 11. Bf4 {½-½ (11) Gozzoli,Y (2430)-Istratescu,A (2590) Guingamp 2004}) 10... h6 11. O-O-O Be6 12. Nd4 Bd7 13. Rhe1 {[#] Bf3 is the strong threat.} Nc6 14. Bg4 {Black must now prevent Nxc6.} Bxg4 15. Nxc6 bxc6 16. hxg4 Rfe8 17. f3 $1 Nd5 18. Bd2 Bg5 19. Nxd5 cxd5 20. Bxg5 hxg5 $14 {[%mdl 4096] Endgame KRR-KRR} 21. d4 Kf8 22. Kd2 Rab8 23. Rxe8+ (23. Kc3 {is more complex.} f6 24. b4 Kf7 25. Rb1 Rh8 26. Rb3) 23... Kxe8 $11 {KR-KR} 24. b3 Kd7 25. Rh1 Ke7 26. g3 f6 27. Re1+ Kd7 28. Rh1 Ke7 29. a4 a5 30. Re1+ Kd7 {The position is equal.} 31. Rh1 Ke7 32. Re1+ Kd7 {Accuracy: White = 52%, Black = 65%.} 1/2-1/2

[Event "Fall Chess Classic-A 2019"]
[Site "Saint Louis"]
[Date "2019.09.12"]
[Round "3.1"]
[White "Ipatov, Alexander"]
[Black "Robson, Ray"]
[Result "0-1"]
[WhiteElo "2650"]
[BlackElo "2653"]
[Annotator "TA"]
[PlyCount "112"]
[EventDate "2019.09.10"]
[EventType "tourn"]
[EventCountry "USA"]
[SourceTitle "playchess.com"]
[Source "ChessBase"]
[SourceQuality "1"]

{[%evp 9,112,11,11,-16,-1,-10,14,0,12,11,1,-2,0,-11,-1,-13,-7,-18,-19,-31,0,0,0,0,0,0,0,-9,0,-22,-27,-19,-12,-14,-13,-12,-12,-14,-16,-21,0,-12,0,0,0,-39,-49,-41,-30,-79,-74,-63,-32,-32,-29,-32,-32,-32,-26,-59,-62,-41,-8,-8,-8,-110,-93,-217,-201,-256,-218,-298,-364,-356,-326,-306,-292,-260,-227,-283,-255,-391,-377,-801,-960,-960,-960,-960,-960,-960,-919,-952,-926,-29953,-29954,-12784,-10063,-6870,-6187,-29966,-5812,-29965,-29964,-5179,-5061]} 1. d4 d5 2. c4 c6 3. Nf3 Nf6 4. Nbd2 Bf5 5. Nh4 (5. Qb3 Qb6 6. Nh4 Be4 7. e3 e6 8. Be2 Be7 9. Nxe4 dxe4 10. g3 c5 11. Bd2 cxd4 12. exd4 Nc6 13. Bc3 O-O-O {1-0 (49) Mamedyarov,S (2808)-So,W (2778) Leuven 2018}) 5... Be4 6. Nxe4 {D11: Slav Defence: 3 Nf3 sidelines and 3...Nf6 4 e3 Bg4} Nxe4 7. Nf3 e6 8. a3 $146 {The position is equal.} ({Predecessor:} 8. e3 Bb4+ 9. Bd2 Nxd2 10. Nxd2 Nd7 11. a3 Be7 12. Bd3 O-O {0-1 (33) Pogosyan,S (2365)-Kryakvin,D (2588) St Petersburg 2018}) 8... Nd7 9. e3 Bd6 10. Bd3 f5 11. O-O (11. b4 {is more complex.} Qf6 12. Qc2 O-O 13. h3 Rae8 14. Bb2) 11... O-O 12. b4 Qf6 13. Bb2 g5 14. g3 h5 (14... g4 {seems wilder.} 15. Nh4 Qg7 16. Bxe4 fxe4 17. c5 Be7) 15. Ne5 Nxe5 16. dxe5 Bxe5 17. Bxe5 Qxe5 18. Qxh5 Rf7 19. f4 gxf4 20. Bxe4 $1 Rh7 21. Qg5+ Rg7 22. Qh6 fxe4 23. Qxf4 Qxf4 24. Rxf4 $11 {[%mdl 4096] Endgame KRR-KRR} Rf7 25. Rg4+ Kf8 26. Rc1 Rf3 27. b5 Ke7 28. Rg7+ Kd6 29. c5+ Ke5 30. Re1 cxb5 {...Rc8 is the strong threat.} 31. Rxb7 a6 {[%cal Ba7a6,Ba6a5][%mdl 32] aiming for ...Rc8.} 32. Rb6 Rc8 33. c6 a5 34. Kg2 Kd6 35. g4 b4 36. axb4 axb4 {White should prevent ...Rg8.} 37. c7+ (37. Rc1 $11) 37... Kxc7 $17 38. Rxb4 (38. Rc1+ $17 Kxb6 {[%mdl 64] Discovered Attack} 39. Rxc8) 38... Rg8 39. h3 Rh8 40. Rc1+ Kd6 41. Rb6+ Ke5 42. Rcc6 {[%csl Gb6][%cal Rc6e6]} Rh6 ({Weaker is} 42... Rxe3 43. Rxe6+ Kd4 44. Rh6 $17) 43. g5 {[#]} Rg6 $1 ({Stronger than} 43... Rhxh3 44. Rxe6+ Kf5 45. Rf6+ Kg4 46. g6 $11) 44. h4 Rxe3 45. Rc2 (45. Rb8 $142) 45... Rf3 46. Rf2 $2 (46. Rc7 Rf4 47. Kg3) 46... Rxf2+ 47. Kxf2 $19 {KR-KR} Kf4 48. Rb8 e5 49. Rf8+ Kg4 50. Rf6 {[#]} Kh5 $1 {Hoping for ...Rxf6+.} 51. Rf8 Kxh4 52. Ke3 Rxg5 53. Rh8+ Kg3 54. Rd8 d4+ 55. Kxe4 Kf2 56. Ra8 Rg4+ {Accuracy: White = 42%, Black = 75%.} 0-1

[Event "Fall Chess Classic-A 2019"]
[Site "Saint Louis"]
[Date "2019.09.12"]
[Round "3.2"]
[White "Lenderman, Aleksandr"]
[Black "Bortnyk, Olexandr"]
[Result "1-0"]
[WhiteElo "2645"]
[BlackElo "2602"]
[Annotator "RC"]
[PlyCount "119"]
[EventDate "2019.09.10"]
[EventType "tourn"]
[EventCountry "USA"]
[SourceTitle "playchess.com"]
[Source "ChessBase"]
[SourceQuality "1"]
[TimeControl "40/5400+30:1800+30"]

1. d4 {[%emt 0:00:00]} d6 {[%emt 0:02:57]} 2. e4 {[%emt 0:00:00]} Nf6 {[%emt 0:00:09]} 3. Nc3 {[%emt 0:00:00]} e5 {[%emt 0:00:04]} 4. dxe5 {[%emt 0:00:00]} dxe5 {[%emt 0:00:05]} 5. Qxd8+ {[%emt 0:00:00]} Kxd8 {[%emt 0:00:07]} 6. Bc4 {[%emt 0:00:01]} Ke8 {[%emt 0:06:03]} 7. Nf3 {[%emt 0:00:27]} Bd6 {[%emt 0:00:25]} 8. h3 {[%emt 0:00:07]} c6 {[%emt 0:00:49]} 9. Bg5 {[%emt 0:04:10]} Nbd7 {[%emt 0:01:08]} 10. O-O-O {[%emt 0:00:24]} Bc7 {[%emt 0:01:58]} 11. Rhe1 {[%emt 0:10:56]} h6 {[%emt 0:02:11]} 12. Be3 {[%emt 0:01:17]} b5 {[%emt 0:04:42]} 13. Bf1 {[%emt 0:01:36]} a5 {[%emt 0:06:42]} 14. Nd2 {[%emt 0:07:30]} a4 {[%emt 0:01:52]} 15. a3 {[%emt 0:00:44]} Nf8 {[%emt 0:02:25]} 16. Na2 {[%emt 0:06:04]} Ne6 {[%emt 0:03:09]} 17. c4 {[%emt 0:09:00]} Bd7 {[%emt 0:03:01]} 18. cxb5 {[%emt 0:04:25]} cxb5 {[%emt 0:00:25]} 19. Nc3 {[%emt 0:00:04]} Rb8 {[%emt 0:19:52]} 20. Nf3 {[%emt 0:04:36]} b4 {[%emt 0:06:16]} 21. axb4 {[%emt 0:01:19]} Rxb4 {[%emt 0:02:18]} 22. Nd5 {[%emt 0:00:05]} Rb7 {[%emt 0:05:41]} 23. Ba6 {[%emt 0:06:22]} Rb8 {[%emt 0:00:37]} 24. Nxc7+ {[%emt 0:00:28]} Nxc7 {[%emt 0:00:04]} 25. Bc4 {[%emt 0:00:21]} Ne6 {[%emt 0:07:32]} 26. Nxe5 {[%emt 0:00:38]} Ke7 {[%emt 0:04:59]} 27. Rxd7+ {[%emt 0:16:34]} Nxd7 {[%emt 0:00:05]} 28. Nc6+ {[%emt 0:00:03]} Kf6 {[%emt 0:00:45]} 29. Nxb8 {[%emt 0:01:48]} Rxb8 {[%emt 0:00:06]} 30. Re2 {[%emt 0:13:21]} Ne5 {[%emt 0:03:40]} 31. Rc2 {[%emt 0:00:21]} Rb4 {[%emt 0:00:44]} 32. Bd5 {[%emt 0:02:05]} Nf4 {[%emt 0:02:16]} 33. Bxf4 {[%emt 0:01:09]} Nd3+ {[%emt 0:00:01]} 34. Kd2 {[%emt 0:00:09]} Nxf4 {[%emt 0:00:05]} 35. Bc6 {[%emt 0:00:41]} Ke5 {[%emt 0:01:44]} 36. Kc3 {[%emt 0:04:46]} Rb3+ {[%emt 0:00:54]} 37. Kc4 {[%emt 0:00:21]} Nxg2 {[%emt 0:00:05]} 38. Bxa4 {[%emt 0:00:10]} Rxh3 {[%emt 0:00:03]} 39. b4 {[%emt 0:01:18]} Ra3 {[%emt 0:04:03]} 40. Bc6 {[%emt 0:00:00]} Nf4 {[%emt 0:00:00]} 41. b5 {[%emt 0:02:10]} Ne6 {[%emt 0:06:43]} 42. b6 {[%emt 0:02:38]} Nd8 {[%emt 0:05:08]} 43. Bd5 {[%emt 0:00:48]} Ra1 {[%emt 0:00:22]} 44. Rb2 {[%emt 0:05:20]} Rc1+ {[%emt 0:01:06]} 45. Kb5 {[%emt 0:03:02]} f5 {[%emt 0:01:06]} 46. exf5 {[%emt 0:03:43]} Kxf5 {[%emt 0:02:32]} 47. Re2 {[%emt 0:00:45]} Rb1+ {[%emt 0:13:16]} 48. Kc5 {[%emt 0:00:21]} Rc1+ {[%emt 0:00:06]} 49. Kd6 {[%emt 0:00:07]} Rd1 {[%emt 0:00:13]} 50. Re7 {[%emt 0:00:47]} Rd2 {[%emt 0:00:46]} 51. Rxg7 {[%emt 0:06:08]} Rxf2 {[%emt 0:00:27]} 52. Rd7 {[%emt 0:00:33]} Rb2 {[%emt 0:00:55]} 53. Kc7 {[%emt 0:00:07]} Ne6+ {[%emt 0:00:11]} 54. Bxe6+ {[%emt 0:00:04]} Kxe6 {[%emt 0:00:06]} 55. Rd6+ {[%emt 0:00:02]} Ke7 {[%emt 0:00:24]} 56. Rxh6 {[%emt 0:00:05]} Rc2+ {[%emt 0:00:25]} 57. Rc6 {[%emt 0:00:04]} Rd2 {[%emt 0:00:04]} 58. b7 {[%emt 0:00:05]} Rd7+ {[%emt 0:00:04]} 59. Kb6 {[%emt 0:00:04]} Rd8 {[%emt 0:00:03]} 60. Rc8 {[%emt 0:00:10]} 1-0

[Event "Fall Chess Classic-A 2019"]
[Site "Saint Louis"]
[Date "2019.09.12"]
[Round "3.3"]
[White "Durarbayli, Vasif"]
[Black "Melkumyan, Hrant"]
[Result "1-0"]
[WhiteElo "2626"]
[BlackElo "2653"]
[Annotator "TA"]
[PlyCount "149"]
[EventDate "2019.09.10"]
[EventType "tourn"]
[EventCountry "USA"]
[SourceTitle "playchess.com"]
[Source "ChessBase"]
[SourceQuality "1"]

{[%evp 9,149,18,22,21,21,21,18,16,34,23,29,33,39,1,23,-5,0,-14,-14,-10,-12,-74,0,-32,-17,-20,-15,-16,-15,-14,-11,-22,-7,-23,-24,-22,-14,-6,-8,-28,-11,-22,12,8,8,8,8,8,8,0,8,8,9,10,58,43,31,11,11,10,10,10,10,0,10,0,10,10,10,10,10,9,38,0,7,6,6,8,35,37,35,11,11,9,31,25,33,11,13,12,86,15,14,0,0,0,14,26,79,72,72,79,173,146,206,204,184,193,236,226,385,371,382,371,363,359,358,372,426,412,552,549,515,482,565,558,558,547,527,485,460,469,656,645,702,732,803,791,788,783,746,731]} 1. e4 e5 2. Nf3 Nc6 3. Bb5 Nf6 4. d3 Bc5 5. Bxc6 dxc6 6. O-O {C65: Ruy Lopez: Berlin Defence (3...Nf6), unusual lines and 4 0-0 Bc5} (6. Qe2 Qe7 7. h3 Bd6 8. Nbd2 Nd7 9. O-O O-O 10. Nc4 Re8 11. Re1 c5 12. Nh2 Nf8 13. f4 exf4 {½-½ (33) Aronian,L (2763)-Anand,V (2774) Karlsruhe/Baden Baden 2019}) 6... Qe7 7. Nbd2 Bg4 8. h3 {The position is equal.} (8. Nc4 {is more complex.} Nd7 9. h3 Bh5 10. Bd2 f6 11. b4) 8... Bxf3 9. Qxf3 Nd7 10. Nc4 f6 11. a3 a5 12. Qg3 $146 ({Predecessor:} 12. Be3 O-O 13. Qg4 Rfd8 {1-0 (41) Barhudarian,R (2333)-Solovyov,V (2293) St Petersburg 2012}) 12... Nf8 13. Be3 Bxe3 $1 14. Qxe3 Ne6 15. g3 (15. Qd2 $11 {remains equal.}) 15... O-O ({Black should play} 15... h5 $17) 16. Kg2 a4 (16... b5 $5 17. Nd2 $8 a4 $11) 17. Qd2 b5 18. Ne3 Rad8 19. f4 exf4 20. gxf4 Nd4 21. f5 c5 22. Rae1 c4 23. Nd5 Qc5 24. Nf4 cxd3 25. cxd3 Qc2 (25... Rf7 {seems wilder.} 26. h4 Nb3 27. Qc3 Qe5 28. h5 Rd6) 26. Qxc2 Nxc2 27. Re2 Nd4 28. Re3 Rfe8 {With the idea ...Nxf5!} 29. Kf2 Kf7 30. Rg3 Re5 31. h4 Rc5 32. Rfg1 Rg8 $1 33. h5 {Threatens to win with h6!} h6 $1 34. Ke3 Nc2+ $1 35. Kd2 {aiming for Ne6.} Nd4 36. Ke3 Nc2+ $1 37. Kd2 Nd4 38. Kd1 Rc6 39. R1g2 Rd6 40. Kd2 Rc6 41. Kd1 (41. Ne2 $5 {[%cal Re2d4]} Rc2+ 42. Ke3 Nxe2 43. Rxe2 Rxe2+ 44. Kxe2 $11) 41... Rd6 42. Ke1 Rc6 43. Ne2 Nb3 44. Nc3 Nd4 45. Kd2 Rd6 46. Ke3 c6 47. Rg6 c5 48. R6g3 $36 {[%mdl 2048] White has some pressure.} Rdd8 49. Kf4 Rde8 (49... Rd6 $11 {keeps the balance.}) 50. Nd5 (50. Rg6 $1 $16) 50... Rd8 $11 51. Ne3 Nc6 52. Nd5 Nd4 53. Rg6 Nc6 (53... Rd6 $11) 54. Rc2 $1 $16 {[%cal Rc2c5]} Ne5 55. Rg3 Rc8 {[#]} (55... c4 $16) 56. Ke3 $1 $18 Rgd8 (56... Nd7 $16 57. Nf4 Nf8) 57. Rcg2 Rg8 {[#]} 58. Nf4 $1 Rc6 59. Ne6 Rxe6 $2 (59... b4 {might work better.} 60. Rxg7+ Rxg7 61. Rxg7+ Ke8 62. axb4 cxb4) 60. fxe6+ Kxe6 61. Rxg7 {[%mdl 4096] Endgame KRR-KRN} Rd8 62. Rd2 Rb8 63. Ke2 Nc6 64. Rc7 Nd4+ 65. Ke3 {White is clearly winning.} Kd6 66. Rg7 Nc6 67. Rf2 Ke6 68. Rg6 Rf8 69. Rxh6 Ne5 {Hoping for ...Ng4+.} 70. Rf4 Rf7 71. Ke2 Rf8 72. Rf5 Rf7 73. Rh8 Rg7 74. h6 Rg2+ 75. Rf2 {Accuracy: White = 70%, Black = 50%.} 1-0

[Event "Fall Chess Classic-A 2019"]
[Site "Saint Louis"]
[Date "2019.09.12"]
[Round "3.4"]
[White "Van Foreest, Jorden"]
[Black "Akobian, Varuzhan"]
[Result "1/2-1/2"]
[WhiteElo "2622"]
[BlackElo "2618"]
[Annotator "TA"]
[PlyCount "61"]
[EventDate "2019.09.10"]
[EventType "tourn"]
[EventCountry "USA"]
[SourceTitle "playchess.com"]
[Source "ChessBase"]
[SourceQuality "1"]

{[%evp 22,61,52,27,41,27,25,23,21,22,22,23,22,30,67,66,85,85,85,85,85,85,85,85,85,85,85,85,85,70,70,63,63,62,62,62,62,62,62,0,62,0]} 1. e4 e6 2. d4 d5 3. Nc3 Nf6 4. e5 Nfd7 5. f4 c5 6. Nf3 Nc6 7. Be3 Qb6 8. Na4 Qa5+ 9. c3 c4 10. b4 Qc7 11. Be2 Be7 12. O-O O-O {C11: French: Classical System: 4 e5 and 4 Bg5 dxe4} 13. Bf2 $146 ({Predecessor:} 13. Qd2 f5 14. exf6 Nxf6 15. Qc2 b6 16. Ne5 Bb7 17. Nb2 b5 18. a4 a6 19. Bf3 Bd6 20. Rae1 {1-0 (144) Robson,R (2660)-Akobian,V (2647) Saint Louis 2018}) 13... b5 {[#] ...a5 is the strong threat.} 14. Nc5 a5 {White has an edge.} 15. a3 {[%cal Ba2a3,Ba3b4][%mdl 32]} Nxc5 16. dxc5 f5 17. h4 axb4 18. axb4 Rxa1 19. Qxa1 h5 20. Qb2 g6 21. Ra1 Bb7 22. g3 Ra8 23. Rxa8+ Bxa8 24. Qa1 Qb8 25. Qa6 Qb7 26. Qxb7 Bxb7 27. Nd4 Nxd4 28. Bxd4 Bc6 29. Bf3 Kf7 30. Be2 Kg8 $1 31. Bf3 {Accuracy: White = 50%, Black = 79%.} (31. Kf2 $14) 1/2-1/2

[Event "Fall Chess Classic-A 2019"]
[Site "Saint Louis"]
[Date "2019.09.12"]
[Round "3.5"]
[White "Swiercz, Dariusz"]
[Black "Smirin, Ilia"]
[Result "1/2-1/2"]
[WhiteElo "2648"]
[BlackElo "2599"]
[Annotator "TA"]
[PlyCount "94"]
[EventDate "2019.09.10"]
[EventType "tourn"]
[EventCountry "USA"]
[SourceTitle "playchess.com"]
[Source "ChessBase"]
[SourceQuality "1"]

{[%evp 21,94,25,18,14,29,37,34,12,31,3,3,4,13,7,20,0,0,0,27,0,23,0,31,18,15,7,6,7,11,18,10,0,0,0,0,0,0,0,57,33,53,0,0,0,87,0,0,0,0,0,15,0,0,0,0,0,0,0,0,0,0,0,7,0,0,0,0,0,0,0,0,0,0,0,0]} 1. d4 Nf6 2. c4 e6 3. g3 c5 4. d5 exd5 5. cxd5 g6 6. Nc3 d6 7. Bg2 Bg7 8. Nf3 O-O 9. O-O Re8 10. Re1 a6 11. a4 Nbd7 12. Qc2 {A63: Modern Benoni: Fianchetto Variation: 9...Nbd7} (12. h3 Rb8 13. Bf4 Qc7 14. a5 b5 15. axb6 Nxb6 16. Rc1 Ne4 17. Nxe4 Rxe4 18. b3 a5 19. Nd2 Rd4 20. e4 Ba6 21. Be3 Rb4 {0-1 (38) Xiong,J (2652)-Vachier Lagrave,M (2795) chess.com INT 2017}) 12... Ne5 13. Nxe5 Rxe5 14. Bf4 $146 {White is slightly better.} ({Predecessor:} 14. e4 Re8 15. Bd2 Rb8 16. a5 b5 17. axb6 Qxb6 18. Na4 Qb5 19. Bf4 Bf8 {½-½ (38) Obukhov,G (1949)-Ortiz,M (2105) LSS email 2013}) 14... Re8 15. h3 Rb8 16. a5 b5 17. axb6 $1 Rxb6 18. e4 Nh5 19. Be3 Bd7 20. Ra2 Qb8 21. Kh2 (21. g4 $5 {[%cal Rg4h5]} Nf6 22. Bd2 $14) 21... Rb4 22. Nd1 Bb5 23. Bd2 Bc4 $1 {[%cal Rc4a2]} 24. Ra1 Bb3 25. Qc1 Ra4 26. Bc3 Rxa1 27. Qxa1 Qb6 28. Ne3 Nf6 29. Qc1 h5 (29... a5 $1 $11) 30. g4 hxg4 ({Not} 30... Nxe4 $2 31. Bxg7 Kxg7 32. gxh5 $18) 31. Nxg4 (31. hxg4 $14 a5 32. g5) 31... Nxg4+ $11 32. hxg4 Bd4 {[#]} (32... Bxc3 $1 $11 {keeps the balance.} 33. Qxc3 Qb4) 33. Qh6 ({Better is} 33. Re3 $1 $16 {[%cal Re3h3][%mdl 512]} Kg7 (33... Bxe3 34. Qxe3) 34. Kg1 (34. Rh3 Rh8 $14)) 33... Qd8 {The position is equal.} 34. g5 Qe7 35. f4 Qf8 {Hoping for ...Qxh6+.} (35... Bxc3 {is interesting.} 36. bxc3 Qf8 37. Rb1 Bc2 38. Qxf8+ Kxf8 39. Ra1 Bd3) 36. Qxf8+ Kxf8 37. Ra1 Bxc3 38. bxc3 {[%mdl 4096] Endgame KRB-KRB} Bc4 39. Kg3 Bd3 40. Ra4 Rb8 41. c4 Ra8 42. Kf2 a5 43. Ke3 Bc2 44. Ra1 a4 45. Kd2 Bb3 46. Kc3 Ke7 47. e5 Rh8 {Accuracy: White = 58%, Black = 65%.} 1/2-1/2

[Event "Fall Chess Classic-A 2019"]
[Site "Saint Louis"]
[Date "2019.09.13"]
[Round "4.1"]
[White "Robson, Ray"]
[Black "Smirin, Ilia"]
[Result "1-0"]
[WhiteElo "2653"]
[BlackElo "2599"]
[Annotator "RC"]
[PlyCount "110"]
[EventDate "2019.09.10"]
[EventType "tourn"]
[EventCountry "USA"]
[SourceTitle "playchess.com"]
[Source "ChessBase"]
[SourceQuality "1"]
[TimeControl "40/5400+30:1800+30"]

1. e4 {[%emt 0:08:01]} e5 {[%emt 0:00:00]} 2. Nf3 {[%emt 0:00:18]} Nc6 {[%emt 0:00:00]} 3. Bb5 {[%emt 0:00:22]} a6 {[%emt 0:00:13]} 4. Ba4 {[%emt 0:00:13]} Nf6 {[%emt 0:00:07]} 5. O-O {[%emt 0:00:23]} Be7 {[%emt 0:00:16]} 6. Re1 {[%emt 0:00:28]} b5 {[%emt 0:00:10]} 7. Bb3 {[%emt 0:00:07]} d6 {[%emt 0:00:09]} 8. c3 {[%emt 0:00:32]} O-O {[%emt 0:00:14]} 9. h3 {[%emt 0:00:16]} Na5 {[%emt 0:00:21]} 10. Bc2 {[%emt 0:00:53]} c5 {[%emt 0:00:04]} 11. d4 {[%emt 0:00:23]} Qc7 {[%emt 0:00:22]} 12. d5 {[%emt 0:00:56]} Bd7 {[%emt 0:00:15]} 13. b3 {[%emt 0:04:00]} Rfe8 {[%emt 0:02:10]} 14. Nbd2 {[%emt 0:02:00]} g6 {[%emt 0:01:03]} 15. Nf1 {[%emt 0:01:16]} Nh5 {[%emt 0:00:11]} 16. Ng3 {[%emt 0:01:17]} Nxg3 {[%emt 0:01:53]} 17. fxg3 {[%emt 0:00:04]} Nb7 {[%emt 0:00:44]} 18. Be3 {[%emt 0:08:57]} c4 {[%emt 0:02:10]} 19. b4 {[%emt 0:02:08]} a5 {[%emt 0:01:06]} 20. a4 {[%emt 0:15:54]} Rec8 {[%emt 0:27:46]} 21. axb5 {[%emt 0:11:09]} Bxb5 {[%emt 0:00:44]} 22. Ba4 {[%emt 0:01:25]} Qd7 {[%emt 0:03:45]} 23. Bxb5 {[%emt 0:01:28]} Qxb5 {[%emt 0:00:05]} 24. Ra4 {[%emt 0:05:33]} Bd8 {[%emt 0:08:22]} 25. Nd2 {[%emt 0:01:04]} Bb6 {[%emt 0:12:03]} 26. Bxb6 {[%emt 0:00:58]} Qxb6+ {[%emt 0:00:03]} 27. Kh2 {[%emt 0:00:16]} axb4 {[%emt 0:08:54]} 28. Nxc4 {[%emt 0:05:02]} Qc7 {[%emt 0:01:44]} 29. Rxb4 {[%emt 0:00:24]} Rab8 {[%emt 0:00:11]} 30. Qf3 {[%emt 0:09:07]} Nc5 {[%emt 0:02:18]} 31. Qf6 {[%emt 0:04:49]} Rd8 {[%emt 0:02:25]} 32. Rxb8 {[%emt 0:04:59]} Qxb8 {[%emt 0:00:39]} 33. Rf1 {[%emt 0:01:00]} Rd7 {[%emt 0:03:21]} 34. Qf3 {[%emt 0:00:51]} Qd8 {[%emt 0:02:58]} 35. Qe3 {[%emt 0:04:16]} Qc7 {[%emt 0:03:04]} 36. Rb1 {[%emt 0:00:56]} Nb7 {[%emt 0:04:39]} 37. Qa7 {[%emt 0:00:56]} Kg7 {[%emt 0:02:04]} 38. Rb4 {[%emt 0:00:50]} h5 {[%emt 0:01:25]} 39. Qe3 {[%emt 0:02:23]} Qc5 {[%emt 0:01:32]} 40. Qf3 {[%emt 0:00:00]} Qc7 {[%emt 0:00:00]} 41. g4 {[%emt 0:06:44]} hxg4 {[%emt 0:02:31]} 42. Qxg4 {[%emt 0:00:08]} Qd8 {[%emt 0:00:32]} 43. Rb1 {[%emt 0:05:16]} Rc7 {[%emt 0:04:22]} 44. Ne3 {[%emt 0:01:21]} Nc5 {[%emt 0:00:07]} 45. Nf5+ {[%emt 0:02:03]} Kf8 {[%emt 0:00:41]} 46. Qh4 {[%emt 0:00:42]} Ke8 {[%emt 0:01:36]} 47. Rb8 {[%emt 0:02:33]} Qxb8 {[%emt 0:00:14]} 48. Qh8+ {[%emt 0:00:07]} Kd7 {[%emt 0:00:03]} 49. Qxb8 {[%emt 0:00:08]} gxf5 {[%emt 0:00:03]} 50. exf5 {[%emt 0:00:38]} Rc8 {[%emt 0:00:26]} 51. Qa7+ {[%emt 0:05:48]} Rc7 {[%emt 0:00:25]} 52. Qb6 {[%emt 0:00:45]} Ne4 {[%emt 0:00:26]} 53. c4 {[%emt 0:01:11]} Nc5 {[%emt 0:01:34]} 54. h4 {[%emt 0:01:35]} Rc8 {[%emt 0:00:41]} 55. f6 {[%emt 0:01:58]} Ne4 {[%emt 0:00:35]} 1-0